Corruption and human rights law in Africa
محفوظ في:
| المؤلف الرئيسي: | |
|---|---|
| التنسيق: | كتاب |
| اللغة: | الإنجليزية |
| منشور في: |
Portland
Hart Publishing
2016
|
| سلاسل: | Studies in International Law
|
| الموضوعات: | |
| الوسوم: |
إضافة وسم
لا توجد وسوم, كن أول من يضع وسما على هذه التسجيلة!
|
MARC
| LEADER | 00000cam a2200000 a 4500 | ||
|---|---|---|---|
| 001 | UCC9491 | ||
| 003 | CL-VaPUC | ||
| 008 | 191004e20160000us |||||||||||||||||eng|d | ||
| 020 | |a 9781509908455 | ||
| 082 | 0 | 4 | |a 342.6085 |b OLA |2 21 |
| 100 | 0 | |a Olaniyan, Kolawole |e author |9 604591 | |
| 245 | 1 | 0 | |a Corruption and human rights law in Africa |
| 300 | |a 403 p | ||
| 942 | |c BK | ||
| 945 | |d 20191004 13:59:00 |a cmena | ||
| 260 | |a Portland |b Hart Publishing |c 2016 | ||
| 650 | 0 | |a Derecho constitucional |9 222588 | |
| 650 | 7 | |a COMERCIO INTERNACIONAL |2 CL-VaPUC |9 604592 | |
| 650 | 0 | |a Derechos humanos |9 223025 | |
| 650 | 0 | |a Derecho internacional |9 255637 | |
| 650 | 0 | |a Corrupción |9 328304 | |
| 651 | 0 | |a África |9 256790 | |
| 583 | |a last modification |c 20191004 13:59:00 |k Rodrigo Vera | ||
| 490 | 0 | |a Studies in International Law | |
| 999 | |c 375671 |d 375669 | ||
| 952 | |0 0 |1 0 |3 erb |4 0 |6 342_608500000000000_OLA_2016 |7 0 |8 WP_COW |9 561488 |a BIBDER |b BIBDER |e Fundación W and P Cowley |i 5605466 |o 342.6085 OLA 2016 |p 5605466 |r 2023-01-25 |w 2020-03-12 |y BK |z Catalogado en:20191004 |k WPC | ||